Logo BPK

Biblioteka

Politechniki Koszalińskiej

Rasprastranenie ělektromagnitnych voln v plazme / (Rekord nr 12753)

Szczegóły MARC
000 -ETYKIETA REKORDU
podpole kontrolne o stałej długości 00474nam a2200169 i 4500
001 - NUMER KONTROLNY REKORDU
pole kontrolne bg
040 ## - ŹRÓDŁO KATALOGOWANIA
Instytucja, która utworzyła rekord BPK
041 ## - KOD JĘZYKA
Kod języka tekstu pol
080 ## - UNIWERSALNA KLASYFIKACJA DZIESIĘTNA - UKD
UKD 533.9+621.371
008 - POLE O STAŁEJ DŁUGOŚCI - DANE KONTROLNE
podpole kontrolne o stałej długości s pl f |000 0 pol
100 1# - NAZWA OSOBOWA
Nazwa osobowa Ginzburg, Vitalij Lazarevič
Daty związane z nazwą (1916-2009).
245 10 - TYTUŁ/ODPOWIEDZIALNOŚĆ
Tytuł Rasprastranenie ělektromagnitnych voln v plazme /
Pozostałe elementy strefy tytułu i oznaczenia odpowiedzialności V. L. Ginzburg.
250 ## - STREFA WYDANIA
Oznaczenie wydania Izd. 2 perer.
260 ## - STREFA ADRESU WYDAWNICZEGO
Miejsce wydania Moskva :
Nazwa wydawcy/dystrybutora Izdatel'stvo "Nauka",
Data publikacji, dystrybucji/powstania dokumentu 1967.
300 ## - STREFA OPISU FIZYCZNEGO
Objętość s. 683 :
Inne cechy fizyczne ilustr.
942 ## - DODATKOWE ELEMENTY (KOHA)
Typ dokumentu Książka
Egzemplarze
Wycofany Status egzemplarza Uszkodzony Dostępność Lokalizacja stała Lokalizacja bieżąca Miejsce przechowywania Sygnatura Kod kreskowy Typ dokumentu
      Dostępny Biblioteka Politechniki Koszalińskiej Biblioteka Politechniki Koszalińskiej Wypożyczalnia BG 7626 01788525 Książka
© 2023 Biblioteka Politechniki Koszalińskiej :: KOHA